Mistrzowie NBA w XXI wieku - Statystyki

Ogólne statystyki
  • Ten quiz został rozwiązany 4 730 razy
    3 438 od ostatniego zresetowania
  • Średni wynik to 19 z 21
Statystyki odpowiedzi
Stan serii Rok Odpowiedź % Poprawnych
4-1 2001 Los Angeles Lakers
99%
4-0 2002 Los Angeles Lakers
99%
4-1 2009 Los Angeles Lakers
99%
4-3 2010 Los Angeles Lakers
99%
4-2 2020 Los Angeles Lakers
99%
4-2 2015 Golden State Warriors
95%
4-1 2017 Golden State Warriors
95%
4-0 2018 Golden State Warriors
95%
4-2 2006 Miami Heat
90%
4-1 2012 Miami Heat
90%
4-3 2013 Miami Heat
90%
4-2 2008 Boston Celtics
88%
4-2 2021 Milwaukee Bucks
88%
4-2 2003 San Antonio Spurs
88%
4-3 2005 San Antonio Spurs
88%
4-0 2007 San Antonio Spurs
88%
4-1 2014 San Antonio Spurs
88%
4-3 2016 Cleveland Cavaliers
84%
4-2 2019 Toronto Raptors
82%
4-2 2011 Dallas Mavericks
75%
4-1 2004 Detroit Pistons
64%
Nie znaleziono quizów pasujących do podanych kryteriów
Rozkład punktacji
Procent ludzi z każdym wynikiem
Percentyl według liczby udzielonych odpowiedzi
Twoja historia wyników
Nie rozwiązałeś tego quizu od ostatniego zresetowania